Cultura e democracia /
El presente texto reconstruye el significado de la palabra cultura, cuyas deferentes acepciones varían conforme al contexto intelectual y político de la época, en el iluminismo se coloca como referente máximo o modelo cultural capitalista de Europa Occidental. Simultáneamente pasa a ser instrumento...
Sábháilte in:
| Príomhchruthaitheoir: | |
|---|---|
| Formáid: | Téacs |
| Ábhair: | |
| Clibeanna: |
Cuir clib leis
Níl clibeanna ann, Bí ar an gcéad duine le clib a chur leis an taifead seo!
|
MARC
| LEADER | 00000 a a2200000 04500 | ||
|---|---|---|---|
| 001 | 4149 | ||
| 003 | |||
| 040 | |||
| 100 | |a Chaui, Marilena | ||
| 245 | |a Cultura e democracia / |c Marilena Chaui | ||
| 520 | |a El presente texto reconstruye el significado de la palabra cultura, cuyas deferentes acepciones varían conforme al contexto intelectual y político de la época, en el iluminismo se coloca como referente máximo o modelo cultural capitalista de Europa Occidental. Simultáneamente pasa a ser instrumento de validación hegemónica de los regimenes políticos, legitimando los procesos de dominación y explotación. Dentro de este marco general, se crítica la cultura de comunicación de masas, como una forma de ocultar estos procesos, creando toda una gama de productos y servicios de medios culturales a través de medios de comunicación de masas y otras herramientas, que encubren dichos procesos, y transforma la cultura en un producto al servicio del mercado | ||
| 650 | |a CULTURA | ||
| 650 | |a DEMOCRACIA | ||
| 650 | |a NEOLIBERALISMO | ||
| 650 | |a SOCIALISMO | ||
| 650 | |a MEDIOS DE COMUNICACION DE MASAS | ||
| 650 | |a BRASIL | ||
| 773 | |g volumen 1, número 1; páginas 53-76 | ||
| 999 | |c 29159 |d 29159 | ||
